000 00406nam a2200145Ia 4500
008 100204s9999 xx 000 0 und d
082 _b18940
100 _aइनामदार ना.स.
245 _aबंड - 1857
260 _b"सन पब्लिकेशन्स , पुणे"
_c1996
300 _a117
630 _aबंड - 1857
730 _aबंड - 1857
942 _cBOOK
999 _c463363
_d463360